Correspondance inédite de l'Abbé Aunillon avec Adrienne Lecouvreur, Voltaire et madame de Graffigny (notice n° 1654802)

détails MARC
000 -LEADER
fixed length control field 01811cam a2200157 4500500
005 - DATE AND TIME OF LATEST TRANSACTION
control field 20260208010013.0
041 ## - LANGUAGE CODE
Language code of text/sound track or separate title fre
042 ## - AUTHENTICATION CODE
Authentication code dc
100 10 - MAIN ENTRY--PERSONAL NAME
Personal name Quéro, Dominique
Relator term author
245 00 - TITLE STATEMENT
Title Correspondance inédite de l'Abbé Aunillon avec Adrienne Lecouvreur, Voltaire et madame de Graffigny
260 ## - PUBLICATION, DISTRIBUTION, ETC.
Date of publication, distribution, etc. 2010.<br/>
500 ## - GENERAL NOTE
General note 42
520 ## - SUMMARY, ETC.
Summary, etc. Auteur de la comédie des Amants déguisés (1728) qui passe pour avoir inspiré à Marivaux Le Jeu de l’amour et du hasard, l’abbé Aunillon (1685-1760) a laissé de nombreux écrits, dont une faible part a été publiée, de façon anonyme ou à titre posthume. La Bibliothèque-Musée de la Comédie-Française en conserve depuis la fin du XIXe siècle treize volumes manuscrits (deux ayant fait partie des collections Soleinne puis Taylor, et onze ayant appartenu à Sainte-Beuve puis au baron Pichon). Dans l’attente d’une étude complète de ces « Papiers Aunillon » qui fournissent un matériau de premier plan sur la vie littéraire du XVIIIe siècle, sont publiées ici quatre lettres d’Adrienne Lecouvreur (évoquant les fréquentations de la comédienne ou la programmation et la distribution de pièces — de Marivaux par exemple — au Théâtre Français), la réponse inédite de Voltaire à la lettre de condoléances que lui envoie l’abbé à la mort de Mme Du Châtelet, et deux lettres de Mme de Graffigny à Aunillon (dont elle lit avec intérêt, au début des années 1750, La Force de l’éducation et les Mémoires de Cécile, ainsi qu’un autre de ses romans publié par Mouhy).
786 0# - DATA SOURCE ENTRY
Note Revue d'histoire littéraire de la France | 110 | 3 | 2010-11-16 | p. 675-703 | 0035-2411
856 41 - ELECTRONIC LOCATION AND ACCESS
Uniform Resource Identifier <a href="https://shs.cairn.info/revue-d-histoire-litteraire-de-la-france-2010-3-page-675?lang=fr&redirect-ssocas=7080">https://shs.cairn.info/revue-d-histoire-litteraire-de-la-france-2010-3-page-675?lang=fr&redirect-ssocas=7080</a>

Pas d'exemplaire disponible.

PLUDOC

PLUDOC est la plateforme unique et centralisée de gestion des bibliothèques physiques et numériques de Guinée administré par le CEDUST. Elle est la plus grande base de données de ressources documentaires pour les Étudiants, Enseignants chercheurs et Chercheurs de Guinée.

Adresse

627 919 101/664 919 101

25 boulevard du commerce
Kaloum, Conakry, Guinée

Réseaux sociaux

Powered by Netsen Group @ 2025